000
00322nam a2200121Ia 4500
008
180205s9999 xx 000 0 und d
020
_a
9719344601
100
_a
Aguilar, Marlene
245
_a
Myth and legends of the Philippines /
250
_a
1st ed
260
_a
Quezon City:
_b
Jamayco Inc.
_c
2007
300
_a
192 pages
999
_c
354655
_d
354655